00986nam a2200301 a 4500003000900000005001700009008004100026020001800067040001300085245008000098260003400178300001800212500005300230650002300283650002200306650002600328650002600354650002100380650003200401650002600433650002500459700003200484700003500516700004000551700002400591700002700615700004200642AR-BaBNM20251128210107.0082120s2002 ||||||||||||||000 | spa|| a987-96007-2-x cAR-BaBNM00aSíntesis de las guerras y campañas del ejército argentinobhasta 1930 aBuenos AiresbEdivérnc1997 a136 p.bmapas aContiene cartografía clara para la enseñanza 4aHISTORIA ARGENTINA 4aPERIODO HISPANICO 4aPERIODO INDEPENDIENTE 4aORGANIZACION NACIONAL 4aHISTORIA MILITAR 4aGUERRAS DE LA INDEPENDENCIA 4aHISTORIA DEL EJERCITO 4aGRANADEROS A CABALLO0 aFigueroa. Abelardo Martín1 aEstrada Avalos, José María1 aFerrari de Capelle, Fanny Margarita1 aMusico, Ana María1 aAdán de Luna, Gloria1 aPedrazzini, Luis Albertoecolaborador